000 00873nam0a22002651 4500
001 rc\2816096
005 20250806211223.0
035 _a(NLR Aleph) 006941829
090 _a39233
_c39233
100 _a20110915d1945 u y0rusy50 ca
101 0 _arus
102 _aRU
105 _aa z |||||
200 1 _aРассадки ивняка и травосеяние на перекатных участках рек
_fИ. Б. Терехов
210 _aМосква
_cРечиздат
_d1945
_gтип. "Гудок"
215 _a40 с.
_cил., схем.
_d20 см.
700 1 _aТерехов
_bИ.Б.
_gИван Борисович
801 0 _aRU
_bNLR
_gpsbo
801 1 _aRU
_bELAR
_2rusmarc
852 _aNLR
_jТ24 Г-4/30
942 _cBOOK
945 _aРоссийская национальная библиотека
980 _aNB
980 _aBV